Empire Flags #2 - Statistics

General Stats
  • This quiz has been taken 11 times
  • The average score is 7 of 16
Answer Stats
Picture Answer % Correct
Persia
89%
Prussia
89%
Austrian Empire
56%
Ilkhanate
56%
Kievan Rus
56%
Kingdom of Greece
56%
Argentine Confederation
44%
Belgian Congo
44%
Mughal Empire
44%
North Sea Empire
44%
Papal States
44%
Safavid Dynasty
44%
Akhand Bharat
22%
Sui Dynasty
22%
Western Turkic Khaganate
22%
Tsardom of Russia
11%
No matching quizzes found
Score Distribution
Percent of People with Each Score
Percentile by Number Answered
Your Score History
You have not taken this quiz